Library Banner

اساس دین کی تعمیر/ (Record no. 92022)

MARC details
000 -LEADER
fixed length control field 00433nam a22001457a 4500
005 - DATE AND TIME OF LATEST TRANSACTION
control field 20170327093625.0
008 - FIXED-LENGTH DATA ELEMENTS--GENERAL INFORMATION
fixed length control field 170327b xxu||||| |||| 00| 0 eng d
040 ## - CATALOGING SOURCE
Transcribing agency PK-LaUMT
082 ## - DEWEY DECIMAL CLASSIFICATION NUMBER
Classification number ZIAC 297
Item number SAD-A
100 ## - MAIN ENTRY--PERSONAL NAME
Personal name صدر الدین اصلاحی
245 ## - TITLE STATEMENT
Title اساس دین کی تعمیر/
Statement of responsibility, etc صدر الدین اصلاحی
260 ## - PUBLICATION, DISTRIBUTION, ETC. (IMPRINT)
Place of publication, distribution, etc لاہور:
Name of publisher, distributor, etc اسلامک پبلیکیشنز،
Date of publication, distribution, etc 1978
300 ## - PHYSICAL DESCRIPTION
Extent 360 ص
942 ## - ADDED ENTRY ELEMENTS (KOHA)
Koha item type Books
Holdings
Withdrawn status Lost status Damaged status Home library Current library Date acquired Full call number Barcode Date last seen Price effective from Koha item type
      UMT Main Campus UMT Main Campus 2017-03-27 ZIAC 297 SAD-A 106936 2017-03-27 2017-03-27 Books